Tridsať rokov KSČ. Tretia téma roku straníckeho školenia 1950-1951.

Uložené v:
Podrobná bibliografia
Médium: Kniha
Jazyk:Slovak
Vydané: Bratislava, 1950.
Fyzický popis: 59 s.
Tagy: Pridať tag
Žiadne tagy, Buďte prvý kto otaguje tento záznam!

MARC

LEADER 00000nam a22000004a 4500
001 000607289
005 20190124133125.0
008 190124s1950 xo e 000 0 slo d
040 |a SVKKK  |b slo  |c SVKKK  |e AACR2 
245 1 0 |a Tridsať rokov KSČ. Tretia téma roku straníckeho školenia 1950-1951. 
260 |a Bratislava,  |c 1950. 
300 |a 59 s. 
500 |a Záznam revízie 
910 |a svkkk 
998 |a BK 
090 |g SCKHL  |k Sklad Pribinova 2. posch.  |a III.17656  |j 86357  |i 2720364539  |s Prezenčne